Laddar...
Dwivedi yug aur uske mahakavi/
| Huvudupphovsman: | |
|---|---|
| Materialtyp: | Printed Book |
| Publicerad: |
New Delhi:
Bharathiya Granth Nikethan,
1991.
|
| LEADER | 00375nam a22001097a 4500 | ||
|---|---|---|---|
| 100 | |a Ramprasad Mishra | ||
| 245 | |a Dwivedi yug aur uske mahakavi/ |c Ramprasad Mishra | ||
| 260 | |a New Delhi: |b Bharathiya Granth Nikethan, |c 1991. | ||
| 300 | |a 157p. | ||
| 942 | |2 ddc |c BK | ||
| 999 | |c 243381 |d 243381 | ||
| 952 | |0 0 |1 0 |4 0 |7 0 |9 269943 |a HIN |b HIN |c S-16 |d 2012-04-17 |i 19078 |l 0 |p HIN19078 |r 2014-02-07 |w 2014-02-07 |y BK | ||